Sociedad de economía mixta y sociedad minera (Registro nro. 744)
[ vista simple ]
| 000 -LEADER | |
|---|---|
| fixed length control field | 01028 a2200205 4500 |
| 001 - CONTROL NUMBER | |
| control field | 19630 |
| 005 - DATE AND TIME OF LATEST TRANSACTION | |
| control field | 20260407155500.0 |
| 008 - FIXED-LENGTH DATA ELEMENTS--GENERAL INFORMATION | |
| fixed length control field | 260407a1983 arg spa d |
| 003 - CONTROL NUMBER IDENTIFIER | |
| control field | AR-UNSa-BCEJYS |
| 040 ## - CATALOGING SOURCE | |
| Original cataloging agency | AR-UNSa-BCEJYS |
| Language of cataloging | spa |
| Transcribing agency | AR-UNSa-BCEJYS |
| 080 ## - UNIVERSAL DECIMAL CLASSIFICATION NUMBER | |
| Universal Decimal Classification number | 347.72 |
| Common auxiliary subdivision | Sociedades comerciales |
| 020 ## - INTERNATIONAL STANDARD BOOK NUMBER | |
| International Standard Book Number | 950-069-042-X |
| 100 1# - MAIN ENTRY--PERSONAL NAME | |
| Personal name | Reyes, Rafael Hugo |
| 245 10 - TITLE STATEMENT | |
| Title | Sociedad de economía mixta y sociedad minera |
| 264 #1 - PRODUCTION, PUBLICATION, DISTRIBUTION, MANUFACTURE, AND COPYRIGHT NOTICE | |
| Place of production, publication, distribution, manufacture | Buenos Aires : |
| Name of producer, publisher, distributor, manufacturer | Abaco de Rodolfo Depalma |
| Date of production, publication, distribution, manufacture, or copyright notice | 1983 |
| 300 ## - PHYSICAL DESCRIPTION | |
| Extent | 162 p. |
| Dimensions | 23 cm. |
| 505 ## - FORMATTED CONTENTS NOTE | |
| Formatted contents note | I. Sociedad de economía mixta: 1. Conceptos y elementos generales - 2. Persona pública o privada. Bancos mixtos provinciales - 3. Tipo societario. Distinción de los entes públicos no estatales - 4. Aspectos sobre responsabilidad - 5. Capital social. Asambleas y tópicos varios - 6. Transformación societaria y estatización - 7. Medidas cautelares judiciales. -- II. Sociedad minera: 1. Conceptos y elementos generales - 2. Las Leyes nuevas |
| 590 ## - LOCAL NOTE (RLIN) | |
| Local note | niveau_biblio:m niveau_hierar:0 |
| 942 ## - ADDED ENTRY ELEMENTS (KOHA) | |
| Koha item type | |
| Withdrawn status | Lost status | Damaged status | Not for loan | Home library | Current library | Shelving location | Date acquired | Total checkouts | Full call number | Barcode | Date last seen | Price effective from | Koha item type |
|---|---|---|---|---|---|---|---|---|---|---|---|---|---|
| Biblioteca Prof. Eusebio Cleto del Rey | Biblioteca Prof. Eusebio Cleto del Rey | 07/04/2026 | 347.72 R456 | L119085 | 07/04/2026 | 07/04/2026 | Libro |